| 000 | 00506nam a22001817a 4500 | ||
|---|---|---|---|
| 999 |
_c188414 _d188414 |
||
| 005 | 20220520155327.0 | ||
| 010 | _aENG-132759 | ||
| 020 |
_a9789380658520 _c350.00 |
||
| 035 | _aEN-116291 | ||
| 037 | _bDBAD/PUB | ||
| 082 | _2882 | ||
| 100 | _aGandhi, Gopal | ||
| 245 |
_aDara Shukoh/ _cGopal Gandhi |
||
| 260 |
_aChennai _bTranquebar Press _c2013 |
||
| 270 |
_aVenkat Towers, 165, P.H. Road Maduravoyal _bChennai _e600095 |
||
| 300 |
_a201p. _c20cm(pbk) |
||
| 942 |
_2ddc _cEN _h882 _mGAN |
||